[Event "78th Armenian Chess Ch"]
[Site "Yerevan"]
[Date "2017.08.20"]
[Round "11"]
[White "Mkrtchyan, Eduard"]
[Black "Kalashian, David"]
[Result "0-1"]
[WhiteElo "2203"]
[BlackElo "2389"]
[Annotator "TA"]
[PlyCount "76"]
[EventDate "2017.??.??"]
[EventCountry "ARM"]
[SourceTitle "playchess.com"]
[Source "ChessBase"]
[SourceQuality "1"]

{[%evp 19,75,41,40,45,46,40,55,41,40,32,43,38,33,38,38,38,66,0,27,24,54,-342,-328,-391,-392,-366,-374,-366,-383,-391,-394,-377,-383,-412,-421,-465,-477,-818,-541,-574,-574,-573,-571,-561,-556,-537,-537,-609,-460,-647,-622,-2651,-2371,-29992,-29993,-29995,-29996,-29999]} 1. d4 Nf6 2. Nf3 e6 3. c4 b6 4. g3 Ba6 5. Qc2 Bb4+ 6. Bd2 {E15: Queen's Indian: 4 g3 sidelines, 4 g3 Ba6 and 4 g3 Bb7 early deviations} Be7 7. e4 d5 8. cxd5 Bxf1 9. Kxf1 exd5 10. e5 Ne4 {LiveBook: 126 Games} 11. Nc3 Nxc3 12. bxc3 Qd7 13. Kg2 Nc6 {[%cal Bb8c6,Bc6d8,Bd8e6][%mdl 32] [#]} 14. Rae1 $146 Nd8 15. Bg5 Ne6 16. Bxe7 Qxe7 17. Nh4 g6 18. Qd3 ({Better is} 18. Rhf1 $14) 18... O-O-O {[%cal Be8c8,Bc8b7,Bb7b8][%mdl 32]} 19. a4 Kb7 {aiming for ...Qxh4!} 20. a5 $2 {[%mdl 8192] [#]} (20. Nf3 $14 {keeps the upper hand.}) 20... Qxh4 $1 $19 {[%mdl 512]} 21. a6+ (21. gxh4 Nf4+) 21... Kb8 22. Qb5 {[#]} c6 $1 23. Qxc6 {[%csl Ga6][%cal Rc6b7]} Qe7 24. Qa4 Qd7 25. Qa3 Rc8 26. Rb1 Rc6 27. f4 Rhc8 {Hoping for ...Nxf4+.} 28. Rb3 (28. Rhc1 $142) 28... Qc7 29. Rf1 Rxc3 30. Rxc3 Qxc3 31. Qd6+ Rc7 32. Qxd5 Qxd4 33. Qf3 Qc3 34. Qg4 (34. Qxc3 $142 Rxc3 35. h4) 34... h5 35. Qh3 Qd2+ 36. Kh1 Rc2 {Black mates.} 37. g4 Nxf4 38. Qf3 Qxh2# {Precision: White = 29%, Black = 66%.} 0-1

[Event "78th Armenian Chess Ch"]
[Site "Yerevan"]
[Date "2017.08.21"]
[Round "12"]
[White "Petrosyan, Manuel"]
[Black "Manukyan, Sargis A"]
[Result "1-0"]
[WhiteElo "2565"]
[BlackElo "2233"]
[Annotator "TA"]
[PlyCount "189"]
[EventDate "2017.??.??"]
[EventCountry "ARM"]
[SourceTitle "playchess.com"]
[Source "ChessBase"]
[SourceQuality "1"]

{[%evp 21,189,31,22,20,22,24,35,27,54,36,49,34,35,37,52,58,41,22,22,-20,-13,-16,-16,-30,-23,-34,-9,-19,-18,-13,0,-65,-65,-55,-20,-57,54,20,93,94,105,37,37,39,39,39,60,60,86,69,81,47,47,51,85,84,106,0,64,49,57,38,50,53,123,122,108,110,125,97,118,82,130,131,170,173,187,184,159,156,246,240,348,93,94,92,95,97,93,27,18,25,45,8,8,8,23,19,22,25,20,8,15,14,28,29,972,947,1242,1750,1120,1764,4176,2068,6026,6115,6289,5654,5376,4556,3759,2442,1988,0,1750,1750,1743,1743,1258,1096,1087,1080,1743,1743,1732,1725,1683,1378,1233,1051,4266,3546,1609,1481,1160,993,6613,29951,12620,12851,29953,29956,11998,11193,29973,29968,29969,29968,29963,29968,29967,29968,29973,29977,29959,29965,29983,29984,29992,29993]} 1. d4 d5 2. c4 e6 3. Nc3 Nf6 4. Nf3 Be7 5. Bf4 c5 6. dxc5 Na6 7. cxd5 {D37: Queen's Gambit Declined: 5 Bf4} (7. e3 Nxc5 8. cxd5 Nxd5 9. Bb5+ Bd7 10. Bxd7+ Qxd7 11. Nxd5 exd5 12. O-O O-O 13. Be5 b5 14. Bd4 Ne6 15. Qd3 Qb7 16. Rac1 Rac8 17. Rfd1 a6 18. g3 Rxc1 19. Rxc1 Rc8 20. Rxc8+ Qxc8 21. b3 {½-½ (21) Vaganian,R (2560)-Short,N (2683) Hersonissos 2017}) 7... Nxd5 8. Nxd5 exd5 9. e3 Nxc5 10. Be5 O-O 11. Be2 Be6 {LiveBook: 5 Games} 12. O-O Rc8 13. Rc1 {[#]} a6 $146 ({Find the theoretical novelty and annotate with similar games:} 13... Qd7 14. Nd4 a6 15. Nxe6 fxe6 {1-0 (52) Ftacnik,L (2582)-Boensch,U (2545) Austria 2004}) 14. Nd4 Bd7 15. Bf3 Ne4 16. Bxe4 dxe4 17. Qb3 Rxc1 18. Rxc1 Bc8 19. Qc3 {White wants to play Bxg7.} (19. Bc7 $5 {[%cal Rc7d8]} Qd7 20. Be5 $16) 19... g6 20. Qc2 Qd5 $1 {[%csl LRa2,LRe5]} 21. Bf4 Bd7 22. Ne2 Rc8 23. Nc3 Qc4 24. h3 Be6 25. Be5 b5 {And now ...b4 would win.} 26. Bd4 (26. b3 $11 Qb4 27. Rd1) 26... Qd3 $1 $15 27. a3 a5 {White must now prevent ...Qxc2.} 28. Qb1 b4 (28... f5 $15) 29. axb4 (29. Nd5 $5 Bd8 30. Qa1 $14) 29... axb4 {[#]} (29... Bxb4 $11 {remains equal.} 30. Nd5 Qxb1 31. Nf6+ Kf8 32. Rxb1 Ke7) 30. Nd5 $1 $16 {[%cal Rd5e7][%mdl 512]} Bd8 {Strongly threatening ...Qxb1.} (30... Bxd5 31. Rxc8+) 31. Nxb4 (31. Qa1 $1 $16 {Rxc8 is the strong threat.} Rxc1+ 32. Qxc1) 31... Qxb1 $14 32. Rxb1 Be7 33. Bc3 Bb3 34. Ra1 f6 35. Ra7 Kf8 36. Ra3 Bc4 37. Ra1 Bb3 38. Ra6 Rd8 39. Ra1 Rc8 40. h4 f5 41. Ra7 (41. h5 $5) 41... Kf7 42. Na6 Kf8 ({Better is} 42... Ke8 $14) 43. Bb4 $1 $16 Bxb4 44. Nxb4 {[%mdl 4096] Endgame KRB-KRN} Bf7 45. Rb7 $1 h6 46. Kh2 Rc1 47. Rb6 Kg7 48. Nc6 Rc2 49. Ne5 Be8 50. Rb8 Ba4 (50... Bc6 $16 {was worth a try.} 51. Nxc6 Rxc6) 51. b3 $1 $18 {[%cal Rb3a4]} Kf6 {[#]} (51... Rb2 $142 52. Rb6 Be8) 52. f4 $2 ({Not} 52. bxa4 Kxe5 53. Kg3 g5 $16) (52. Ng4+ $1 $18 {[%mdl 512] and the rest is easy.} fxg4 53. bxa4) 52... exf3 $16 53. Nxf3 Bc6 54. Rc8 g5 55. hxg5+ (55. b4 $16) 55... hxg5 $11 56. b4 g4 57. Ne1 (57. b5 $5 {[%cal Rc8c6]} gxf3 58. Rxc6+ Rxc6 59. bxc6 $16) 57... Rc4 58. Nd3 g3+ 59. Kxg3 {Hoping for Kf2.} Rg4+ 60. Kf2 Rxg2+ 61. Ke1 Be4 62. Nf2 Rg1+ 63. Kd2 Rb1 $2 {[%mdl 8192]} (63... Rg2 $11 64. Ke2 Ke6) 64. Nxe4+ $18 fxe4 {KR-KR} 65. Rc4 Ke5 66. Kc2 Re1 67. Rc3 Kd5 68. b5 Ra1 69. Kb3 Kd6 70. Kb4 Rb1+ 71. Ka5 Ra1+ 72. Kb4 Rb1+ 73. Kc4 Rd1 74. Rb3 Kc7 75. Ra3 Kb7 {[#]} 76. Kb4 $1 Rc1 {[#]} 77. Rc3 $1 {[%cal Rc3c1]} Re1 78. Kc5 Re2 79. Rb3 Rd2 80. Rb4 Rc2+ 81. Rc4 Rh2 82. Rxe4 Rh5+ 83. Kc4 Rh1 84. Re7+ Kb6 85. Re6+ Kb7 86. e4 {[%cal Be3e4,Be4e5,Be5e6][%mdl 32]} Rd1 87. Kc5 Kc7 88. Re7+ {White mates.} Kb8 89. Kc6 Rc1+ 90. Kb6 Kc8 91. e5 Re1 92. e6 {[%cal Re7e8]} Kd8 93. Rd7+ Kc8 94. Rc7+ Kb8 95. Re7 {Precision: White = 65%, Black = 33%.} 1-0

[Event "78th Armenian Chess Ch"]
[Site "Yerevan"]
[Date "2017.08.21"]
[Round "12"]
[White "Harutyunian, Tigran K"]
[Black "Torosyan, Norayr"]
[Result "1/2-1/2"]
[WhiteElo "2513"]
[BlackElo "2350"]
[Annotator "TA"]
[PlyCount "20"]
[EventDate "2017.??.??"]
[EventCountry "ARM"]
[SourceTitle "playchess.com"]
[Source "ChessBase"]
[SourceQuality "1"]

{[%evp 19,20,0,46]} 1. e4 c5 2. Nf3 d6 3. d4 cxd4 4. Nxd4 Nf6 5. Nc3 a6 6. Be3 Ng4 7. Bc1 $146 ({Predecessor:} 7. Bg5 h6 8. Bc1 Nc6 9. Nxc6 bxc6 10. Bc4 e5 11. b3 Be7 12. Bb2 O-O 13. Qe2 Nf6 14. O-O-O Be6 15. Bxe6 fxe6 {1-0 (40) Hou,Y (2666)-Navara,D (2737) Biel 2017}) 7... Nf6 8. Be3 Ng4 9. Bc1 Nf6 10. Be3 Ng4 1/2-1/2

[Event "78th Armenian Chess Ch"]
[Site "Yerevan"]
[Date "2017.08.21"]
[Round "12"]
[White "Hayrapetyan, Hovik"]
[Black "Hakobyan, Aram"]
[Result "0-1"]
[WhiteElo "2502"]
[BlackElo "2466"]
[Annotator "TA"]
[PlyCount "138"]
[EventDate "2017.??.??"]
[EventCountry "ARM"]
[SourceTitle "playchess.com"]
[Source "ChessBase"]
[SourceQuality "1"]

{[%evp 22,138,15,0,0,0,9,0,0,6,10,0,0,0,31,0,20,-63,-53,-113,-123,-102,-102,-123,-138,-132,-118,-111,-113,-108,-87,-165,-156,-214,-213,-284,-184,-258,-225,-266,-201,-190,-37,-37,-14,-41,0,-15,0,0,0,0,0,0,0,-79,-84,-93,-60,-231,-44,-35,-35,-35,-35,-35,-35,-36,0,0,0,0,0,0,449,-250,-250,-250,-250,-250,-243,-243,-243,-243,-193,-193,-193,-193,-131,-206,-206,-206,-206,-277,-277,-277,-277,-277,-277,-339,-333,-342,-342,-342,-342,-497,-342,-791,-791,-766,-762,-5057,-1432,-5057,-5057,-5057,-5057,-5065,-5065]} 1. d4 Nf6 2. Nf3 b6 3. g3 Bb7 4. Bg2 g6 5. c4 Bg7 6. O-O O-O 7. Qc2 Be4 8. Qd2 Bb7 9. Qc2 Be4 10. Qd1 Bb7 11. Re1 {A50: Queen's Fianchetto Defence (1 d4 Nf6 2 c4 b6)} e6 12. b3 {LiveBook: 4 Games} c5 13. Bb2 {[#] The position is equal.} cxd4 $146 ({Find the theoretical novelty and annotate with similar games:} 13... d5 14. cxd5 exd5 15. dxc5 bxc5 16. Nc3 Na6 17. Rc1 Qa5 18. Ne5 {0-1 (26) Askerov,M (2299)-Ponkratov,P (2589) St Petersburg 2016}) 14. Qxd4 Nc6 15. Qc3 d5 16. cxd5 exd5 17. Na3 Rc8 18. Rad1 Qe7 19. Qc1 {[#]} (19. Bh3 $11) 19... Nd4 $1 $15 {[%mdl 512]} 20. Nxd4 (20. Qe3 $1 $15 Qxe3 21. fxe3) (20. Bxd4 Rxc1) 20... Rxc1 $17 21. Rxc1 Ne4 $36 {[%mdl 2048] And now ...Bxd4 would win. Keeping White busy.} 22. Nab5 a6 23. Rc7 Qf6 24. Bxe4 dxe4 25. Rxb7 e3 26. f3 (26. f4 $17 axb5 27. Rd7) 26... axb5 $19 27. Rd1 (27. Rd7 $17) 27... h5 {[%cal Bh7h5,Bh5h4][%mdl 32]} 28. Kg2 h4 29. Rd3 (29. Rd7 $142) 29... Re8 30. Bc3 hxg3 31. hxg3 Qg5 $2 (31... Qd6 $1 $19 {White must now prevent ...b4.} 32. Nxb5 Qc6) 32. Rxb6 $15 Be5 33. Be1 Kg7 {[%mdl 1024] Black has compensation.} (33... Bxd4 $5 34. Rxd4 Rc8 $15) 34. Rb7 $1 Qh5 {( -> ...Rh8)} (34... Bxd4 $5 35. Rxd4 Rc8 $11) 35. Bc3 $1 Qg5 (35... Rh8 $5 36. Ne6+ $8 Kf6 37. Bxe5+ Qxe5 $11) 36. f4 Qg4 {Threatens to win with ...Bxd4.} 37. Rxe3 Qc8 38. Rxf7+ (38. Rb6 $11 {remains equal.} Bxd4 39. Bxd4+ Kh6 40. Rxe8 Qxe8 41. Kf2) 38... Kxf7 $17 39. fxe5 Kg8 40. Bb4 $2 (40. Kf2 $15) 40... Qa8+ $2 ({Better is} 40... Qg4 $1 $19 {[%cal Rg4d4]} 41. Bc3 b4 $1 {[%mdl 512]}) 41. Kf2 Qxa2 42. Bc5 {[#]} b4 $1 {[%mdl 512]} 43. e6 (43. Bxb4 Qa7) 43... Qa5 44. Re5 Rc8 (44... Qc7 $5 {[%cal Rc7e5]} 45. Nf3 Rxe6 $1 {[%mdl 512]} 46. Rxe6 Qxc5+ 47. Re3 Kg7 $15) 45. e7 Kf7 {Black wants to play ...Qc7.} 46. Ne6 Qa1 47. Re3 Rh8 $2 {[%mdl 8192] [#]} (47... Qh8 $11) 48. Ng5+ $4 {[%mdl 8192]} (48. Nc7 $1 $18 {was the only winning move. Rf3+ is the strong threat.} g5 49. e8=Q+ Rxe8 50. Nxe8) 48... Ke8 $19 49. Nf3 {Hoping for Rd3.} Rh1 {[%csl Gh1][%cal Ra1f1]} 50. Rd3 Qf1+ 51. Ke3 {White threatens Rd8+ and mate.} Qc1+ 52. Kd4 Rh5 53. Bxb4 {[#]} Rb5 $1 {[%cal Rb5b4]} 54. Bd6 Rb6 ({Black should try} 54... Qc6 $19 55. Ke3 Rd5) 55. Bc5 (55. Ke4 $17) 55... Qb2+ 56. Kc4 {Intending Rd8+ and mate.} Qc2+ 57. Rc3 Qxe2+ 58. Kd4 Re6 {[%csl Ge6][%cal Re2e4]} 59. Rd3 {and the idea Kc3 leaves White hopeful.} Qb2+ 60. Kd5 Qc2 61. Kxe6 {[%csl Ge7][%cal Rd3d8]} Qxd3 62. Nd4 Qxg3 63. b4 (63. Kd5 {was called for.}) 63... Qf4 64. b5 $2 (64. Kd5) 64... Qe4+ {Black is clearly winning.} 65. Kd6 Qxe7+ 66. Kc6 Qd7+ 67. Kb6 g5 {[%cal Bg6g5,Bg5g4,Bg4g3][%mdl 32]} 68. Nc6 g4 69. Na7 g3 {Precision: White = 41%, Black = 59%.} 0-1

[Event "78th Armenian Chess Ch"]
[Site "Yerevan"]
[Date "2017.08.21"]
[Round "12"]
[White "Baghdasaryan, Vahe"]
[Black "Sargsyan, Shant"]
[Result "0-1"]
[WhiteElo "2469"]
[BlackElo "2416"]
[Annotator "TA"]
[PlyCount "96"]
[EventDate "2017.??.??"]
[EventCountry "ARM"]
[SourceTitle "playchess.com"]
[Source "ChessBase"]
[SourceQuality "1"]

{[%evp 18,96,-18,-32,-13,-27,0,0,10,-7,-11,-37,-16,-2,-3,-33,-44,-57,0,0,3,8,14,14,33,0,15,10,16,17,35,22,48,39,48,40,31,31,46,43,20,5,62,69,68,25,75,73,84,81,109,108,114,110,201,201,192,180,161,172,155,94,138,121,133,52,95,68,64,35,30,24,52,0,0,-5,0,-6,0,-29993,-29994]} 1. e4 e5 2. Nf3 Nc6 3. Bc4 Bc5 4. b4 Bxb4 5. c3 Ba5 6. d4 d6 7. Qb3 Qd7 8. O-O Bb6 {C52: Evans Gambit Accepted: 5 c3 Ba5} 9. Nbd2 (9. Bb5 a6 10. Ba4 Ba7 11. Na3 Nge7 12. d5 b5 13. Nxb5 axb5 14. Bxb5 O-O 15. dxc6 Qg4 16. Qc2 {0-1 (48) Li,C (2751)-Ding,L (2766) Huaian 2016}) 9... Na5 10. Qb1 {LiveBook: 4 Games} exd4 $146 {Black is slightly better.} ({Predecessor:} 10... Nxc4 11. Nxc4 Qc6 12. Ne3 Nf6 13. a4 a5 14. dxe5 Nxe4 15. exd6 Nxd6 16. Ne5 {0-1 (38) Bellahcene,B (2466)-Erdos,V (2628) Biel 2017}) 11. cxd4 Nxc4 12. Nxc4 {aiming for a4.} Qa4 13. Nxb6 (13. Nb2 {seems wilder.} Qa3 14. Bg5 h6 15. Bf4 Bg4 16. Nc4) 13... axb6 14. Bf4 Ne7 15. Rc1 Qd7 16. Qc2 c6 17. Qb3 O-O (17... d5 $15) 18. Qxb6 $11 d5 19. e5 Qg4 20. Bg5 Ng6 21. h3 Qe4 {White must now prevent ...Bxh3!} 22. Rc3 h6 23. Bd2 Ra6 24. Qb3 Nf4 25. Bxf4 Qxf4 26. a4 Ra7 27. Qb6 Ra6 28. Qb4 b6 29. Qd6 $36 {[%mdl 2048] White is more active.} c5 ({Black should try} 29... Be6 $1 $11) 30. Qxd5 $14 Be6 31. Qb7 Bc8 32. Qc7 cxd4 33. Rd3 Be6 34. Rxd4 Qf5 35. Rad1 Bb3 {[#]} (35... Kh7 $16 {was worth a try.}) 36. Rd8 $1 $18 {[%cal Rd8f8]} Ra8 37. Rxf8+ Rxf8 38. Nd4 Qh5 39. Ra1 (39. Re1 $142 Bxa4 40. Qxb6) 39... Bd5 40. Qd6 Ba8 41. Ra3 ({White should play} 41. Re1 $16) 41... Re8 42. Re3 Qg5 {[%csl Ga8][%cal Rg5g2]} 43. Rg3 Qxe5 44. Qxb6 {Hoping for Re3.} Rb8 45. Qa7 ({Better is} 45. Re3 $14 Qf4 46. Ne2 Rxb6 47. Nxf4) 45... Rd8 46. Nb5 Rd1+ 47. Kh2 {[#]} Bxg2 $1 {[%mdl 512]} 48. Qe3 $2 {[%mdl 8192] [#]} (48. Kxg2 $11 Qe4+ 49. Rf3 Qg6+ 50. Rg3 Qc6+ 51. Rf3 (51. f3 $2 Qc2+ 52. Qf2 Rd2 $19) 51... Qg6+ 52. Rg3 Qe4+ 53. Rf3 Qg6+) 48... Bc6 $1 {[%mdl 512] Precision: White = 43%, Black = 40%.} 0-1

[Event "78th Armenian Chess Ch"]
[Site "Yerevan"]
[Date "2017.08.21"]
[Round "12"]
[White "Shahinyan, David"]
[Black "Danielyan, Vahe"]
[Result "1-0"]
[WhiteElo "2428"]
[BlackElo "2344"]
[Annotator "TA"]
[PlyCount "57"]
[EventDate "2017.??.??"]
[EventCountry "ARM"]
[SourceTitle "playchess.com"]
[Source "ChessBase"]
[SourceQuality "1"]

{[%evp 18,57,21,26,45,15,17,-18,43,0,13,2,121,111,146,122,350,347,343,336,400,416,395,404,395,395,401,398,393,395,393,387,732,731,669,389,1158,1110,1218,1182,2887,2100]} 1. c4 Nf6 2. Nc3 g6 3. e4 d6 4. g3 Bg7 5. Bg2 O-O 6. Nge2 c6 7. O-O a6 8. a4 a5 9. d4 Na6 {A16: English Opening: 1...Nf6 with ...d5} 10. h3 {LiveBook: 4 Games} Nd7 (10... Nb4 11. Be3 e5 12. Qd2 Qe7 13. Rad1 h5 14. f4 exd4 15. Bxd4 Re8 16. b3 Nd7 17. Bxg7 Kxg7 {1-0 (31) Barcenilla,R (2503)-Izoria,Z (2619) Mesa 2009}) 11. Be3 Nb4 $146 {The position is equal.} ({Find the theoretical novelty and annotate with similar games:} 11... e5 12. Rb1 Qe7 13. b3 Re8 14. Qd2 Nf8 15. f4 Nb4 16. fxe5 dxe5 {1-0 (41) Koshy,V (2415)-Deshmukh,A (2270) Kolkata 1994}) 12. f4 d5 (12... Nb6 $11) 13. exd5 Nb6 14. b3 $1 {White wants to play dxc6.} Bf5 (14... cxd5 $11 15. c5 Nd7) 15. dxc6 $16 {[%cal Bd5c6,Bc6b7][%mdl 32]} Bc2 16. Qc1 Bxb3 $2 (16... bxc6 $16 17. Qb2 Qd6) 17. cxb7 $18 Rb8 18. c5 N6d5 {[#]} 19. Rb1 $1 {[%cal Rb1b3]} Bc4 20. Nxd5 Bxd5 21. Rxb4 Bxg2 22. Kxg2 Qd5+ 23. Kf2 axb4 24. c6 b3 $2 {[#]} (24... Rxb7 25. cxb7 Qxb7) 25. Qc5 Qe6 26. f5 gxf5 $2 (26... Qe4 27. c7 Qxb7) 27. Bf4 {White is clearly winning.} Rbd8 28. c7 Rxd4 29. c8=Q {Precision: White = 68%, Black = 14%.} 1-0

[Event "78th Armenian Chess Ch"]
[Site "Yerevan"]
[Date "2017.08.21"]
[Round "12"]
[White "Kalashian, David"]
[Black "Harutjunyan, Gevorg"]
[Result "0-1"]
[WhiteElo "2389"]
[BlackElo "2454"]
[Annotator "TA"]
[PlyCount "68"]
[EventDate "2017.??.??"]
[EventCountry "ARM"]
[SourceTitle "playchess.com"]
[Source "ChessBase"]
[SourceQuality "1"]

{[%evp 15,68,41,64,27,35,35,67,75,85,75,87,96,91,80,94,71,59,18,7,0,9,0,0,-22,14,0,0,-250,-269,-254,-260,-265,-260,-338,-353,-802,-799,-800,-769,-748,-716,-29989,-29990,-29990,-29991,-29991,-29990,-29992,-29991,-29991,-29992,-29992,-29993,-29993,-29992]} 1. d4 Nf6 2. c4 g6 3. Nc3 Bg7 4. e4 d6 5. Be2 O-O 6. Be3 a6 7. Nf3 Nbd7 8. h3 c6 {LiveBook: 17 Games} 9. a4 {E90: King's Indian: Classical: Early deviations and 6 h3} (9. O-O b5 10. Qc2 e5 11. dxe5 Nxe5 12. Nxe5 dxe5 13. Bc5 Re8 14. a4 bxc4 15. a5 Be6 16. Bb6 Qe7 {1-0 (36) Riazantsev,A (2671)-Chigaev,M (2496) St Petersburg 2015}) 9... e5 10. d5 cxd5 11. cxd5 {White is slightly better.} Nh5 {[#]} 12. g3 $146 ({Predecessor:} 12. Ng1 Ndf6 13. a5 Qe7 14. Bf3 Bd7 15. g3 h6 16. Nge2 Rac8 {1-0 (36) Sulava,N (2285)-Delaney,J (2205) Groningen 1981}) 12... Bf6 13. Nd2 Ng7 14. Nc4 Be7 15. g4 f5 16. gxf5 gxf5 17. Rg1 {And now Bh6 would win.} f4 18. Bc1 Bh4 {White must now prevent ...Bxf2+!} 19. Bg4 Nf6 20. Bxc8 Rxc8 21. b3 $2 {[#]} (21. Qe2 $1 $11 {and White stays safe.}) 21... b5 $1 $19 {[%cal Rb5c4]} 22. axb5 axb5 23. Nxb5 {Hoping for Qf3.} Nxe4 24. Rxg7+ Kxg7 {[%cal Bg8g7,Bg7h8,Bh8h7][%mdl 32]} 25. Ra7+ $2 (25. Kf1 Kh8 26. Qf3) 25... Kh8 26. Rxh7+ Kxh7 27. Qd3 {[#]} Qa5+ $1 {[%mdl 512]} 28. Bd2 (28. Nxa5 Rxc1+) 28... Qa1+ {Black mates.} 29. Ke2 f3+ 30. Ke3 Bxf2+ 31. Kxe4 {[#]} Qe1+ $1 {[%mdl 512]} 32. Qe3 {[#]} (32. Bxe1 Rf4#) 32... Rxc4+ $1 33. bxc4 Rf4+ 34. Kd3 Qf1+ {Precision: White = 45%, Black = 71%.} 0-1

[Event "78th Armenian Chess Ch"]
[Site "Yerevan"]
[Date "2017.08.21"]
[Round "12"]
[White "Mkrtchyan, Eduard"]
[Black "Mikaelyan, Arman"]
[Result "1-0"]
[WhiteElo "2203"]
[BlackElo "2486"]
[Annotator "TA"]
[PlyCount "87"]
[EventDate "2017.??.??"]
[EventCountry "ARM"]
[SourceTitle "playchess.com"]
[Source "ChessBase"]
[SourceQuality "1"]

{[%evp 20,87,50,29,65,36,30,25,37,6,48,22,50,43,41,37,48,49,60,69,63,59,60,62,72,74,77,61,64,64,62,77,59,68,125,68,70,0,0,0,75,0,0,0,0,0,0,0,0,0,0,0,0,0,0,3,63,43,554,525,1017,934,29980,29981,29980,29981,29981,29982,29998,29999]} 1. d4 Nf6 2. Nf3 g6 3. c4 Bg7 4. Nc3 O-O 5. e4 d6 6. Be2 Nbd7 7. O-O e5 8. Be3 Ng4 9. Bg5 f6 10. Bd2 Nh6 11. d5 {LiveBook: 7 Games. E94: King's Indian: Classical: 6 Be2 e5 7 0-0: Various Black 7th moves} (11. Qc2 Nf7 12. Rad1 c6 13. Be3 Re8 14. b4 exd4 15. Nxd4 Qc7 16. h3 a5 17. a3 axb4 18. axb4 Nf8 19. Rd2 {½-½ (44) Can,E (2586)-Markus,R (2672) Kocaeli 2017}) 11... Nf7 12. Ne1 f5 13. Nd3 {White has an edge.} Nf6 14. f3 c5 15. Rb1 $146 ({Predecessor:} 15. a3 Bd7 16. b4 b6 17. Rb1 Bh6 18. Bxh6 Nxh6 19. bxc5 bxc5 {½-½ (60) Vincenzi,M (2109)-Heinig,W (2309) Porto Mannu 2017}) 15... a5 16. Nf2 f4 17. a3 h5 18. b4 b6 19. bxc5 bxc5 20. Na4 Ra6 21. Qb3 Nd7 22. Qc3 g5 23. Rb5 Nf6 24. Rxa5 g4 25. Rxa6 Bxa6 26. Qa5 Qc8 (26... Qxa5 $14 27. Bxa5 g3) 27. Rb1 (27. Nc3 $16) 27... Ng5 $14 {[%cal Bf7g5,Bg5e4,Be4g3][%mdl 32]} 28. Rb6 (28. Nb6 $14 Qb7 29. Bd3 (29. fxg4 hxg4 30. Nxg4 Nfxe4 $11)) 28... gxf3 $11 29. Qxa6 Qe8 (29... fxe2 $11 30. Qxc8 Rxc8) 30. Bxf3 (30. Rxd6 fxe2 31. Nc3 (31. Nxc5 Qg6 $11) 31... Qg6 $19) ({Better is} 30. gxf3 $16 Nfxe4 31. Nxe4 (31. fxe4 Qg6 $11) 31... Nxe4 32. Be1 (32. fxe4 Qg6+ 33. Kf2 f3 $14)) 30... Qg6 31. Kf1 (31. Rb3 $5 {[%cal Ra6d6]} Nfxe4 32. Nxe4 (32. Bxe4 Nxe4 33. Nxe4 Qxe4 $11) 32... Nxe4 33. Be1 $14) 31... Nfxe4 32. Nxe4 Nxe4 33. Be1 {[%cal Bd2e1,Be1g3,Bg3e5][%mdl 32] Strongly threatening Qb5.} Ng3+ 34. Kg1 ({Weaker is} 34. hxg3 Qd3+ 35. Kg1 e4 $18) 34... Qd3 {[%csl Gg3][%cal Rd3f1]} 35. hxg3 e4 36. Rxd6 fxg3 (36... Qb1 $5 {[%cal Rb1e1]} 37. Qa5 Bd4+ 38. Kh2 exf3 $19) 37. Bxg3 exf3 (37... Qe3+ $11 38. Bf2 Qc1+ 39. Kh2 Be5+ 40. g3 Rxf3 41. Qc8+ Kh7 42. Rd7+ Kh6 43. Qxc5 Qc2) 38. Rg6 $14 (38. Nxc5 {leads to mate.} Qe2 39. Bf2 fxg2 40. Rf6 Rxf6 41. Qc8+ Kh7 42. Qg8+ Kxg8 43. Ne4 Qf1+ 44. Kh2 Rxf2 45. Nf6+ Bxf6 46. Kh3 g1=Q#) 38... Rf7 $2 {[%mdl 8192] [#]} ({Black should try} 38... f2+ $1 $14 39. Bxf2 Rxf2 40. Nxc5 (40. Kxf2 Qd2+ 41. Kf3 Qd1+ 42. Kg3 Qe1+ 43. Kh3 Qh1+ 44. Kg3 Qe1+ 45. Kh3 Qh1+ 46. Kg3 Qe1+ $11) 40... Rf1+ 41. Kh2 Qd4 42. Rxg7+ Qxg7 43. Qe6+ Qf7) 39. Qe6 $1 $18 fxg2 40. Kxg2 h4 {[#]} 41. Rxg7+ $1 {White mates.} Kxg7 42. Be5+ Kg8 43. Qg4+ Kh7 44. Qh5+ {Precision: White = 68%, Black = 58%.} 1-0